Normal view
MARC view
- Jha, Shankar
Entry Personal Name
001 - CONTROL NUMBER
- control field: 85113
003 - CONTROL NUMBER IDENTIFIER
- control field: NUST
005 - DATE AND TIME OF LATEST TRANSACTION
- control field: 20211125113322.0
008 - FIXED-LENGTH DATA ELEMENTS
- fixed length control field: 211125|| aca||aabn | a|a d
040 ## - CATALOGING SOURCE
- Original cataloging agency: NUST
- Transcribing agency: NUST
100 ## - HEADING--PERSONAL NAME
- Personal name: Jha, Shankar
670 ## - SOURCE DATA FOUND
- Source citation: Work cat.: (NUST)32084: Jha, Shankar., The Project Manager's Communication Toolkit /, c2010.
